Stazioni tratta Varese-Treviglio - Statistics

Statistiche generali
  • Questo quiz è stato fatto 35 volte
  • Il punteggio medio è 21 su 30
Statistiche sulle risposte
Risposta % Corretto
Busto Arsizio
96%
Gallarate
96%
Varese
96%
Rho
89%
Treviglio
85%
Legnano
81%
Milano Lancetti
81%
Milano Porta Garibaldi Sotterranea
78%
Rho Fiera
78%
Milano Certosa
74%
Milano Dateo
70%
Milano Forlanini
70%
Milano Repubblica
70%
Milano Villapizzone
70%
Parabiago
70%
Pioltello - Limito
70%
Albizzate - Solbiate Arno
67%
Gazzada Schianno - Morazzone
67%
Milano Porta Venezia
67%
Segrate
67%
Canegrate
63%
Cassano d'Adda
63%
Milano Porta Vittoria
63%
Cavaria - Oggiona - Jerago
59%
Pozzuolo Martesana
59%
Castronno
56%
Melzo
56%
Trecella
56%
Vignate
52%
Vanzago - Pogliano
48%
Nessun quiz corrispondente trovato
Distribuzione punteggi
Percentuale di utenti per punteggio
Percentile per numero di risposta
I tuoi punteggi nel tempo
Non hai fatto questo quiz